Rowing : power and endurance /

Bibliographic Details
Main Author: Lezotte, Susan
Corporate Author: United States Rowing Association
Format: Book
Language:English
Published: Chicago : Contemporary Books, [1987]
Series:Sportsperformance.
Subjects:

MARC

Tag First Indicator Second Indicator Subfields
LEADER 00000cam a2200000 a 4500
001 in00000016493
005 20151007052803.0
008 870528s1987 iluaf b 00110 eng
010 |a  87015443  
020 |a 0809247291 (pbk.) 
035 |a (OCoLC)16004006 
035 |9 AAA9183AM 
040 |a DLC  |c DLC  |d TXA  |d UtOrBLW 
049 |a TXAM  |c [A11069129] 
050 0 0 |a GV791  |b .L65 1987 
082 0 |a 797.1/23  |2 19 
100 1 |a Lezotte, Susan. 
245 1 0 |a Rowing :  |b power and endurance /  |c Susan Lezotte. 
264 1 |a Chicago :  |b Contemporary Books,  |c [1987] 
264 4 |c ©1987 
300 |a ix, 132 pages, 1 unnumbered leaf of plates :  |b illustrations ;  |c 23 cm. 
336 |a text  |b txt  |2 rdacontent 
337 |a unmediated  |b n  |2 rdamedia 
338 |a volume  |b nc  |2 rdacarrier 
490 1 |a Sportsperformance 
500 |a "Endorsed by the U.S. Rowing Association"--Cover. 
504 |a Bibliography: pages 127-128. 
500 |a Includes index. 
650 0 |a Rowing. 
650 0 |a Rowing  |x Training. 
710 2 |a United States Rowing Association. 
830 0 |a Sportsperformance. 
999 |a MARS 
999 f f |s 76affdee-e501-3db2-b68e-66c213534499  |i 50d87246-97c3-394b-963c-6f71312c1e52  |t 0 
952 f f |p ric  |a Texas A&M University  |b Rellis Campus  |c Joint Library Facility  |d Remote Storage  |t 0  |e GV791 .L65 1987  |h Library of Congress classification  |i unmediated -- volume  |m A14811069129 
998 f f |a GV791 .L65 1987  |t 0  |l Remote Storage